Reseña del encuentro Lo juvenil popular en América Latina y el Caribe

Guardat en:
Dades bibliogràfiques
Format: Text
Idioma:Spanish
Publicat: San José, Costa Rica DEI 2001
Matèries:
Etiquetes: Afegir etiqueta
Sense etiquetes, Sigues el primer a etiquetar aquest registre!

MARC

LEADER 00000 a a2200000 04500
001 11944
003 cru CIDCACS/IIS
005 20181213150717.0
008 181213b2001 cr ||||| |||| 00| 0 spa d
999 |c 20956  |d 20956 
040 |c cru CIDCACS/IIS 
245 |a Reseña del encuentro   |b Lo juvenil popular en América Latina y el Caribe 
260 |a San José, Costa Rica  |b DEI  |c 2001 
300 |a 1-4 páginas. 
650 |a JUVENTUD  
650 |a CONFERENCIAS  
650 |a SEMINARIOS  
773 |g número 93; páginas 1-4  
942 |2 ddc  |c PP 
773 0 |0 41641  |9 2528  |a Departamento Ecuménico de Investigaciones (DEI)  |d San José, Costa Rica Departamento Ecuménico de Investigaciones (DEI)  |o 20168  |t Pasos /